00654nam a2200205Ia 4500003000900000008004100009020001800050040001600068080001600084100002500100245006900125260003900194300001500233650001900248650001000267700002900277942000700306999001500313952012000328IN-BaIIA211028s9999 xx 000 0 eng d a0-471-81440-7 cIIA Library a532.59bHIR aHirose, Akira914519 0aintroduction to wave phenomenacAkira Hirose and Karl E Lonngren aNew YorkbWiley-Intersciencec1985 axiv, 355p. aNASA thesaurus aWaves aLonngren, Karl E.914520 cBK c8649d8649 00104070aBANbBANcGENd1986-03-21g644.35l0o532.59/ HIRp9522r2021-11-05v644.35w1986-03-21yBKGRs. 644.35